Score 0/24 Timer 03:00
0 Plays Today
Question Answer Wrong Answers
Has blonde hair Betty
96.3%
Veronica
1%
Last name is Cooper Betty
96.1%
Veronica
1.1%
Last name is Lodge Veronica
96%
Betty
1.2%
Has black hair Veronica
95.7%
Betty
1.5%
Dates Jughead Betty
95.5%
Veronica
1.7%
Grew up in New York Veronica
95.4%
Betty
1.8%
Grew up in Riverdale Betty
95.4%
Veronica
1.7%
Relative of Polly Betty
95.2%
Veronica
2%
Lives next door to Archie Betty
95.2%
Veronica
2%
Played by Camila Mendes Veronica
94.9%
Betty
2.4%
Writes for The Blue and Gold newspaper Betty
94.6%
Veronica
2.2%
Sometimes sings with Josie and the Pussycats Veronica
94.6%
Betty
2.5%
Relative of Hiram Veronica
94.5%
Betty
2.7%
Played by Lili Reinhart Betty
94%
Veronica
3.3%
Used to be a 'mean girl' Veronica
93.5%
Betty
3.7%
Relative of Alice Betty
93.4%
Veronica
3.9%
Related to the Blossoms Betty
93.3%
Veronica
3.9%
Takes phone calls from the Black Hood Betty
93%
Veronica
4.4%
Owns Pop's Chock'lit Shoppe Veronica
92.4%
Betty
5%
Spent '7 Minutes in Heaven' with Archie Veronica
86.8%
Betty
10.4%
Went clubbing at the Roving Eye with Kevin, Josie and Reggie Veronica
86.7%
Betty
8.6%
Has a dark, angry side Betty
83%
Veronica
12%
Slept at Cheryl's house the night before Jason's memorial Veronica
77.9%
Betty
18.4%
Nicknamed 'Nightmare Smurfette' by Cheryl Betty
58.8%
Veronica
38%
Remove Ads.
Support Sporcle.
Get the best of Sporcle when you Go Orange. This ad-free experience offers more features, more stats, and more fun while also helping to support Sporcle. Thank you for becoming a member.

You're not logged in!

Compare scores with friends on all Sporcle quizzes.
OR
Log In

Sporcle TV

Today on Sporcle TV


Watch our educational content, quiz creation guides, and fun videos on Sporcle TV.

Show Comments

Extras

Top Quizzes Today


Score Distribution

Paid Content

Your Account Isn't Verified!

In order to create a playlist on Sporcle, you need to verify the email address you used during registration. Go to your Sporcle Settings to finish the process.

Report this User

Report this user for behavior that violates our Community Guidelines.

Details: